000 00494nam a2200181Ia 4500
005 20230621115423.0
008 131103s9999 xx 000 0 und d
040 _aLoreto College
041 _aEnglish
082 _a940.548194
_bSEL
100 _aSelby,David
245 _aHell and high fever
_cDavid Selby
260 _aSydney
_bCurrawong Publishing
_c1956
300 _a198 p.
_b ill.,maps
650 _aEurope - Modern History,1939 - 45 - World War - II
850 _aLCLIB
942 _cBK
999 _c8836
_d59315